Cracking the code with IMC (Record no. 80013)
[ view plain ]
| 000 -LEADER | |
|---|---|
| fixed length control field | 00979cab a22002055a 4500 |
| 001 - CONTROL NUMBER | |
| control field | L143006 |
| 008 - FIXED-LENGTH DATA ELEMENTS--GENERAL INFORMATION | |
| fixed length control field | 080401s2008 xxk F 000 0 eng d |
| 035 ## - SYSTEM CONTROL NUMBER | |
| System control number | (Sirsi) u143006 |
| 041 0# - LANGUAGE CODE | |
| Language code of text/sound track or separate title | eng |
| 100 1# - MAIN ENTRY--PERSONAL NAME | |
| Personal name | Gaze, Christopher |
| 245 00 - TITLE STATEMENT | |
| Title | Cracking the code with IMC |
| 260 ## - PUBLICATION, DISTRIBUTION, ETC. | |
| Date of publication, distribution, etc. | 2008 |
| 490 #0 - SERIES STATEMENT | |
| Series statement | Constructing the Future |
| Volume/sequential designation | (35) Spring 2008, 7-8(2) |
| 520 ## - SUMMARY, ETC. | |
| Summary, etc. | Examines how using Innovative Methods of Construction (IMC) could help to meet many of Code for Sustainable Home's requirements. In the context of the Code's requirements, looks at energy, materials and their sourcing, global warming potential of insulants, and sound insulation. Tables show the issues primarily affected by IMC, energy credits and mandatory energy efficiency improvements, and mandatory Heat Loss Parameter levels. |
| 590 ## - LOCAL NOTE (RLIN) | |
| Local note | KA |
| 650 24 - SUBJECT ADDED ENTRY--TOPICAL TERM | |
| Topical term or geographic name entry element | DCLG CODE FOR SUSTAINABLE HOMES |
| 651 #4 - SUBJECT ADDED ENTRY--GEOGRAPHIC NAME | |
| Geographic name | England and Wales |
| Chronological subdivision | 1543- |
| 690 ## - LOCAL SUBJECT ADDED ENTRY--TOPICAL TERM (OCLC, RLIN) | |
| Topical term or geographic name as entry element | BUILT ENVIRONMENT-SUSTAINABLE CONSTRUCTION |
| 942 ## - ADDED ENTRY ELEMENTS (KOHA) | |
| Suppress in OPAC | 0 |
| Withdrawn status | Lost status | Source of classification or shelving scheme | Damaged status | Not for loan | Home library | Current library | Shelving location | Date acquired | Total Checkouts | Full call number | Barcode | Date last seen | Copy number | Price effective from | Koha item type |
|---|---|---|---|---|---|---|---|---|---|---|---|---|---|---|---|
| Dewey Decimal Classification | London | London | Journal article | 01/04/2008 | L143006 | 143006-1001 | 06/08/2019 | 1 | 06/08/2019 | Journal article |